Statystyki dla Szybki quiz o wiedzy wszechstronnej.

Kliknij tutaj aby rozwiązać quiz!

Ogólne statystyki

  • Ten quiz został rozwiązany 1 261 razy
    (769 od ostatniego zresetowania)
  • Średni wynik to 9 z 15

Statystyki odpowiedzi

ZagadnienieOdpowiedź% Poprawnych
Atak na world trade center wydarzył się ?11 września 2001 roku
92%
Które z tych zwierząt są symbolami pustyni?-wielbłąd,skorpion,skarabeusz
91%
W jakim kraju języki urzędowe to francuski i angielski?Kanada
85%
Stolicą Australii jest?Canberra
82%
Ile mamy planet w układzie słonecznym?8
79%
Kiedy i kto był pierwszy na księżycu?21 lipca 1969 Neil Armstrong
70%
Kiedy kobiety w Polsce otrzymały prawa do głosowania?1918
63%
Kiedy jest Międzynarodowy Dzień Ziemii?22 kwietnia
61%
Najbogatszym człowiekiem na świecie jest?Jeff Bezos
58%
Jaki jest pierwiastek ze 196?14
57%
Najdłuższą rzeką na świecie jest?Amazonka
55%
Ile na Ziemii jest oceanów?5
50%
Najszybszym przedstawicielem zwierząt jest?Sokół wędrowny
32%
Kim jest Profos?Osoba na tym stanowisku zajmuje się obsługą aresztu wojskowego.
30%
Skomoroch ze staropolskiego to?To słowiańskie określenie aktorów wędrownych i sztukmistrzów
27%

Rozkład punktacji

Percentyl według liczby udzielonych odpowiedzi

Procent ludzi z każdym wynikiem

Twoja historia wyników

Nie rozwiązałeś tego quizu od ostatniego zresetowania